Blocking oscillators.

Bibliographic Details
Main Author: Schure, Alexander, 1920-
Format: Book
Language:English
Published: New York : J.F. Rider, [1956]
Edition:[1st ed.].
Series:A Rider publication, no. 166-10. Electronic technology series
Subjects:

MARC

Tag First Indicator Second Indicator Subfields
LEADER 00000cam a2200000 4500
001 in00000045445
005 20151007073102.0
008 760330s1956 nyua 00000 eng
010 |a  56011338  
035 |a (OCoLC)02079061 
035 |9 AAE9095AM 
040 |a DLC  |c CSU  |d TXA  |d UtOrBLW 
049 |a TXAM  |c [375890] 
050 0 |a TK6565.O7  |b S3 
092 |a 621.38413323  |b S394b 
100 1 |a Schure, Alexander,  |d 1920- 
245 1 0 |a Blocking oscillators. 
250 |a [1st ed.]. 
264 1 |a New York :  |b J.F. Rider,  |c [1956] 
300 |a 64 pages :  |b illustrations ;  |c 22 cm. 
336 |a text  |b txt  |2 rdacontent 
337 |a unmediated  |b n  |2 rdamedia 
338 |a volume  |b nc  |2 rdacarrier 
490 0 |a A Rider publication, no. 166-10. Electronic technology series 
650 0 |a Oscillators, Electric. 
999 |a MARS 
999 f f |s d598aefe-f873-3ef4-9aa8-a9b22ecf4c49  |i 0e621b8c-d11a-33de-9c5e-2117924bd74d  |t 0 
952 f f |p ric  |a Texas A&M University  |b Rellis Campus  |c Joint Library Facility  |d Remote Storage  |t 0  |e TK6565.O7 S3  |h Library of Congress classification  |i unmediated -- volume  |m A14801038647 
998 f f |a TK6565.O7 S3  |t 0  |l Remote Storage